000 00211nam a22000857a 4500
008 160715b xxu||||| |||| 00| 0 eng d
100 _92872
_aMohan R
245 _aMathville VIII
260 _aNew Delhi
_bG.Ram Books
_c213
999 _c2445
_d2445